Malaysian rubberwood : A beautiful & versatile timber
| Corporate Author: | |
|---|---|
| Format: | Book |
| Published: |
Kuala Lumpur :
Malaysian Timber Industry Board ,
c1988
|
| Edition: | 2nd ed. |
| Subjects: |
MARC
| LEADER | 00000cam a2200000 7i4500 | ||
|---|---|---|---|
| 001 | 0000007345 | ||
| 005 | 20050613.0 | ||
| 040 | |a INS | ||
| 090 | 0 | 0 | |a TA420 |b M239 1986 |
| 245 | 1 | 0 | |a Malaysian rubberwood : |b A beautiful & versatile timber |c Malaysian Timber Industry Board |
| 250 | |a 2nd ed. | ||
| 260 | |a Kuala Lumpur : |b Malaysian Timber Industry Board , |c c1988 | ||
| 300 | |a 24p. ; |c 26 cm. | ||
| 650 | 0 | 0 | |a Rubber industry and trade |
| 650 | 0 | 0 | |a Rubber plants |
| 650 | 0 | 0 | |a Rubberwood |
| 710 | 2 | |a Malaysian Timber Industry Board | |
| 999 | |a 0000007775 |b BOOK |c Open Shelf |e Default branch | ||